Normal view
MARC view
- Fraser-Robinson, J
Entry Personal Name
001 - CONTROL NUMBER
- control field: 60072
003 - CONTROL NUMBER IDENTIFIER
- control field: NUST
005 - DATE AND TIME OF LATEST TRANSACTION
- control field: 20210628202457.0
008 - FIXED-LENGTH DATA ELEMENTS
- fixed length control field: 210628|| aca||aabn | a|a d
040 ## - CATALOGING SOURCE
- Original cataloging agency: NUST
- Transcribing agency: NUST
100 ## - HEADING--PERSONAL NAME
- Personal name: Fraser-Robinson, J
670 ## - SOURCE DATA FOUND
- Source citation: Work cat.: (NUST): Fraser-Robinson, J, Total quality marketing what has to come next in sales,marketing and advertising, 1995
